| 000 | 01015cam a2200289I 4500 | ||
|---|---|---|---|
| 999 |
_c8818 _d8818 |
||
| 001 | 1012029 | ||
| 003 | OCoLC | ||
| 005 | 20241126110659.0 | ||
| 008 | 740917t19641951miuabchj 000 0 eng d | ||
| 010 | _a 65004954 | ||
| 035 | _a(OCoLC)1012029 | ||
| 040 |
_aWSU _beng _cWSU _dOCL _dKSB _dOCL _dOCLCQ _dOCLCG _dWY@ _dOCLCQ _dOCLCF _dOCLCQ _dCIRBC |
||
| 050 | 0 |
_aBR151 _b.K8 1964 |
|
| 082 | 0 | 4 |
_a270 _bKUI _221 |
| 092 | 0 |
_a270 _bK9622 |
|
| 100 | 1 |
_aKuiper, B. K. _q(Barend Klaas), _d1877-1961. _915510 |
|
| 245 | 1 | 4 |
_aThe church in history / _cby B.K. Kuiper. |
| 250 | _a[Rev. ed.]. | ||
| 260 |
_aGrand Rapids, Mich. : _bNational Union of Christian Schools, _c[1964, ℗♭1951] |
||
| 300 |
_a412 pages : _billustrations, facsimiles, color maps, portraits ; _c24 cm |
||
| 336 |
_atext _btxt _2rdacontent |
||
| 337 |
_aunmediated _bn _2rdamedia |
||
| 338 |
_avolume _bnc _2rdacarrier |
||
| 650 | 0 |
_aChurch history _vJuvenile literature. _915511 |
|
| 655 | 7 |
_aJuvenile works. _2fast _0(OCoLC)fst01411637 _915512 |
|
| 942 |
_2ddc _cBK _05 |
||